| 000 | 00772nam a2200265 4500 | ||
|---|---|---|---|
| 001 | 11298 | ||
| 003 | BD-RjUL | ||
| 005 | 20211208235113.0 | ||
| 008 | 140126r19751972njua b 001 0 eng | ||
| 020 | _a0138538468 | ||
| 035 | _a(BD-RjUL)11347 | ||
| 040 |
_aDLC _cDLC _dDLC _dBD-RjUL _beng |
||
| 041 | _aeng | ||
| 082 | 0 | 0 |
_a551.8 _bBIS 1975 |
| 100 | 1 |
_aBillings, Marland Pratt, _d1902- _934947 |
|
| 245 | 0 | 0 |
_aStructural geology / _c[by] Marland P. Billings. |
| 250 | _a3d ed. | ||
| 260 |
_aEnglewood Cliffs, N.J. : _bPrentice-Hall, _cc1972[Printing 1975]. |
||
| 300 |
_axv, 606 p. : _billus. ; _c24 cm. |
||
| 350 | _a$15.95 | ||
| 504 | _aIncludes bibliographical references. | ||
| 650 | 0 |
_aGeology, Structural. _934948 |
|
| 942 |
_2ddc _cBK |
||
| 999 |
_c11298 _d11298 |
||